000 00887nam a2200253Ia 4500
003 OSt
005 20221005113407.0
006 a|||||r|||| 00| 0
007 ta
008 221004b |||||||| |||| 00| 0 pan d
020 _a8178835754 (hbk)
_c120
024 _a5276
037 _b689, 12/06/2013, H.K. Prakashan
_cTextual
040 _aCRL
_cCRL
_bpan
041 _2pan
_apan
082 _aO153,2NAUx, P9
100 _aਔਲਖ, ਅਜਮੇਰ ਸਿੰਘ
245 0 _aਇFਕ ਬਾਝ ਨਮਾਗ਼ ਦਾ ਹੱਜ ਨਾਹੀ
260 _aਲੁਧਿਆਣਾ
_bਚੇਤਨਾ ਪ੍ਰਕਾFਨ ਭਾਰਤ
_c2009
300 _a112ਪੰ
_ccm.
650 _aਪੰਜਾਬੀ ਸਾਹਿਤ
942 _hO153,2NAUx, P9
_cTEXL
_2cc
999 _c1028036
_d1028036